000 00727cam a22002174a 4500
005 20250605164217.0
008 250528s ||||||||||||||||||||||||d
035 _a20515
020 _a434904023
040 _aGR-AtMCL
_bgre
_dGR-AtMCL
_eAACR2
245 1 _aAdventures of a Bystander
250 _a1st
260 _bWilliam Heinemann Ltd,
_c1979
300 _a346
505 0 _aPrologue: A Bystander Is Born, Report from Atlantis, Young Man in an Old World, The Indian Summer of Innocence, Index.
520 _aPrologue: A Bystander Is Born, Report from Atlantis, Young Man in an Old World, The Indian Summer of Innocence, Index.
700 1 _aDrucker Peter F
_9962
942 _cBK
999 _c5615
_d5615